SOFTWARE ECOSYSTEMS: Analyzing and managing business network in the software industry (Record no. 7832)

MARC details
000 -LEADER
fixed length control field 00467nam a22001697a 4500
005 - DATE AND TIME OF LATEST TRANSACTION
control field 20210904142804.0
008 - FIXED-LENGTH DATA ELEMENTS--GENERAL INFORMATION
fixed length control field 210823b ||||| |||| 00| 0 eng d
020 ## - INTERNATIONAL STANDARD BOOK NUMBER
ISBN 9781781955635
041 ## - LANGUAGE CODE
Language code of text/sound track or separate title eng
082 ## - DEWEY DECIMAL CLASSIFICATION NUMBER
Classification number 005.3
100 ## - MAIN ENTRY--AUTHOR NAME
Personal name JANSEN, SLINGER AND OTHERS
245 ## - TITLE STATEMENT
Title SOFTWARE ECOSYSTEMS: Analyzing and managing business network in the software industry
260 ## - PUBLICATION, DISTRIBUTION, ETC. (IMPRINT)
Place of publication U.S.A
Name of publisher EDWARD ELGAR
Year of publication 2013
300 ## - PHYSICAL DESCRIPTION
Number of Pages 344,p
650 ## - SUBJECT ADDED ENTRY--TOPICAL TERM
Topical Term LAW
942 ## - ADDED ENTRY ELEMENTS (KOHA)
Koha item type Books
Holdings
Lost status Damaged status Collection code Home library Current library Shelving location Date acquired Source of acquisition Full call number Accession Number Koha item type
    LAW JRU Library JRU Library SHELF-30-E 23/08/2021 PURCESS 005.3 25856 Books